00650nam a2200193Ia 4500008004100000020001300041082001600054100004000070245003600110250000800146260003600154300003000190500001900220600002700239650005000266942000700316952011800323999001500441240925s9999 xx 000 0 und d a72119764 a005.133 NAU aNaughton, Patrick; Schildt, Herbert 0aJava 2: the complete reference  a3rd aNew York:bMc Graw HIllc,1999. axxii,665p.bNAfPhotocopy aIncludes Index aEngineering Technology aComputer science, information & general works cBK 001040708ETaUITUbUITUd2002-08-19eF.B.Cg125.00l0o005.133 NAUpQ4517r2024-09-25 07:13:32w2024-09-25yBK c7016d7016